[Event "Grand Swiss "]
[Date "2025.09.08"]
[White "Hammer, Jon Ludvig"]
[Black "Sadhwani, Raunak"]
[WhiteElo "2618"]
[BlackElo "2658"]
[Round "4.4.44"]
[Result "0-1"]

1. e4 {[%clk 01:40:58] [%emt 00:00:02]} c5 {[%clk 01:40:55] [%emt 00:00:06]} 2.
Nf3 {[%clk 01:41:20] [%emt 00:00:05]} Nc6 {[%clk 01:41:22] [%emt 00:00:05]} 3.
Bb5 {[%clk 01:41:40] [%emt 00:00:09]} e6 {[%clk 01:41:46] [%emt 00:00:07]} 4.
Bxc6 {[%clk 01:42:02] [%emt 00:00:07]} bxc6 {[%clk 01:42:12] [%emt 00:00:04]} 5.
e5 {[%clk 01:42:18] [%emt 00:00:14]} f6 {[%clk 01:40:48] [%emt 00:01:54]} 6. d3
{[%clk 01:41:30] [%emt 00:01:18]} fxe5 {[%clk 01:21:16] [%emt 00:20:01]} 7. Nxe5
{[%clk 01:41:52] [%emt 00:00:08]} Nf6 {[%clk 01:21:35] [%emt 00:00:11]} 8. Ng4
{[%clk 01:42:15] [%emt 00:00:06]} d6 {[%clk 01:09:49] [%emt 00:12:17]} 9. O-O
{[%clk 01:38:30] [%emt 00:04:15]} h5 {[%clk 01:03:53] [%emt 00:06:26]} 10. Nxf6+
{[%clk 01:38:53] [%emt 00:00:07]} gxf6 {[%clk 01:04:19] [%emt 00:00:04]} 11. Be3
{[%clk 01:39:07] [%emt 00:00:16]} Rb8 {[%clk 01:02:58] [%emt 00:01:52]} 12. Nd2
{[%clk 01:37:54] [%emt 00:01:42]} Rb7 {[%clk 00:56:03] [%emt 00:07:25]} 13. Kh1
{[%clk 01:37:49] [%emt 00:00:35]} Rg7 {[%clk 00:44:22] [%emt 00:12:11]} 14. f4
{[%clk 01:29:41] [%emt 00:08:39]} d5 {[%clk 00:37:37] [%emt 00:07:15]} 15. Bg1
{[%clk 01:29:30] [%emt 00:00:40]} Bd6 {[%clk 00:33:51] [%emt 00:04:17]} 16. h3
{[%clk 01:28:09] [%emt 00:01:51]} Qc7 {[%clk 00:30:38] [%emt 00:03:43]} 17. Bh2
{[%clk 01:28:26] [%emt 00:00:12]} Qf7 {[%clk 00:30:22] [%emt 00:00:47]} 18. c4
{[%clk 01:27:57] [%emt 00:01:00]} h4 {[%clk 00:29:26] [%emt 00:01:25]} 19. Rf2
{[%clk 01:21:21] [%emt 00:07:06]} Rh5 {[%clk 00:28:07] [%emt 00:01:49]} 20. Qa4
{[%clk 01:16:42] [%emt 00:05:09]} Qd7 {[%clk 00:17:48] [%emt 00:10:49]} 21. Re1
{[%clk 01:16:43] [%emt 00:00:29]} Kf8 {[%clk 00:18:02] [%emt 00:00:16]} 22. Nf1
{[%clk 01:15:17] [%emt 00:01:56]} Kg8 {[%clk 00:14:30] [%emt 00:04:02]} 23. Ne3
{[%clk 01:04:35] [%emt 00:11:11]} Be7 {[%clk 00:13:28] [%emt 00:01:32]} 24. Ng4
{[%clk 00:58:15] [%emt 00:06:50]} d4 {[%clk 00:12:16] [%emt 00:01:43]} 25. Rfe2
{[%clk 00:57:54] [%emt 00:00:51]} Qb7 {[%clk 00:12:33] [%emt 00:00:13]} 26. Rxe6
{[%clk 00:29:51] [%emt 00:28:33]} Bxe6 {[%clk 00:12:58] [%emt 00:00:06]} 27.
Rxe6 {[%clk 00:30:13] [%emt 00:00:08]} f5 {[%clk 00:09:59] [%emt 00:03:29]} 28.
Ne5 {[%clk 00:27:23] [%emt 00:03:19]} Kh7 {[%clk 00:10:16] [%emt 00:00:13]} 29.
Qxc6 {[%clk 00:18:39] [%emt 00:09:13]} Qxc6 {[%clk 00:10:32] [%emt 00:00:14]}
30. Nxc6 {[%clk 00:19:04] [%emt 00:00:06]} Rh6 {[%clk 00:09:26] [%emt 00:01:36]}
31. Rxe7 {[%clk 00:18:20] [%emt 00:01:14]} Rxc6 {[%clk 00:09:51] [%emt
00:00:05]} 32. Re2 {[%clk 00:18:42] [%emt 00:00:08]} Rgg6 {[%clk 00:08:31] [%emt
00:01:50]} 33. Bg1 {[%clk 00:16:44] [%emt 00:02:27]} Rge6 {[%clk 00:07:38] [%emt
00:01:23]} 34. Rd2 {[%clk 00:17:09] [%emt 00:00:05]} Re1 {[%clk 00:06:24] [%emt
00:01:44]} 35. Kh2 {[%clk 00:17:35] [%emt 00:00:04]} Rce6 {[%clk 00:05:42] [%emt
00:01:13]} 36. b4 {[%clk 00:18:00] [%emt 00:00:05]} cxb4 {[%clk 00:04:34] [%emt
00:01:38]} 37. Rb2 {[%clk 00:14:15] [%emt 00:04:15]} a5 {[%clk 00:02:54] [%emt
00:02:10]} 38. a3 {[%clk 00:13:13] [%emt 00:01:32]} R6e2 {[%clk 00:03:00] [%emt
00:00:24]} 39. Rb3 {[%clk 00:13:39] [%emt 00:00:04]} Ra1 {[%clk 00:03:15] [%emt
00:00:14]} 40. axb4 {[%clk 00:13:59] [%emt 00:00:10]} Ree1 {[%clk 00:03:12]
[%emt 00:00:33]} 41. Bxd4 {[%clk 00:14:06] [%emt 00:00:23]} Rh1# {[%clk
00:03:39] [%emt 00:00:03]} 0-1

[Site "Europe Echecs"]

[Event "Grand Swiss "]
[Date "2025.09.08"]
[White "Grischuk, Alexander"]
[Black "Daneshvar, Bardiya"]
[WhiteElo "2657"]
[BlackElo "2598"]
[Round "4.4.45"]
[Result "1/2-1/2"]

1. e4 {[%clk 01:40:40] [%emt 00:00:19]} e5 {[%clk 01:40:56] [%emt 00:00:05]} 2.
Nf3 {[%clk 01:41:02] [%emt 00:00:08]} Nc6 {[%clk 01:41:23] [%emt 00:00:03]} 3.
Bb5 {[%clk 01:41:13] [%emt 00:00:19]} Nf6 {[%clk 01:41:48] [%emt 00:00:05]} 4.
d3 {[%clk 01:41:25] [%emt 00:00:18]} d6 {[%clk 01:42:09] [%emt 00:00:10]} 5. O-O
{[%clk 01:40:41] [%emt 00:01:13]} Be7 {[%clk 01:42:32] [%emt 00:00:07]} 6. c3
{[%clk 01:37:58] [%emt 00:03:12]} O-O {[%clk 01:42:55] [%emt 00:00:06]} 7. Re1
{[%clk 01:38:21] [%emt 00:00:07]} Bd7 {[%clk 01:43:18] [%emt 00:00:07]} 8. Nbd2
{[%clk 01:29:30] [%emt 00:09:21]} Re8 {[%clk 01:43:13] [%emt 00:00:35]} 9. Nf1
{[%clk 01:26:08] [%emt 00:03:52]} h6 {[%clk 01:42:07] [%emt 00:01:37]} 10. Ng3
{[%clk 01:25:14] [%emt 00:01:23]} Bf8 {[%clk 01:40:33] [%emt 00:02:04]} 11. Ba4
{[%clk 01:23:05] [%emt 00:02:40]} Ne7 {[%clk 01:40:18] [%emt 00:00:45]} 12. Bc2
{[%clk 01:19:23] [%emt 00:04:12]} c5 {[%clk 01:34:23] [%emt 00:06:26]} 13. d4
{[%clk 01:15:58] [%emt 00:03:54]} cxd4 {[%clk 01:24:34] [%emt 00:10:19]} 14.
cxd4 {[%clk 01:16:10] [%emt 00:00:19]} Ng6 {[%clk 01:24:16] [%emt 00:00:48]} 15.
Be3 {[%clk 01:00:14] [%emt 00:16:25]} Ng4 {[%clk 01:11:48] [%emt 00:12:59]} 16.
Bd2 {[%clk 00:59:45] [%emt 00:00:59]} Nf6 {[%clk 01:04:22] [%emt 00:07:55]} 17.
Bc3 {[%clk 00:55:41] [%emt 00:04:34]} Rc8 {[%clk 01:03:10] [%emt 00:01:42]} 18.
h3 {[%clk 00:53:14] [%emt 00:02:56]} exd4 {[%clk 00:59:12] [%emt 00:04:30]} 19.
Bxd4 {[%clk 00:49:16] [%emt 00:04:27]} Ne5 {[%clk 00:58:54] [%emt 00:00:47]} 20.
Bb3 {[%clk 00:45:14] [%emt 00:04:32]} a5 {[%clk 00:57:47] [%emt 00:01:37]} 21.
a4 {[%clk 00:43:06] [%emt 00:02:38]} Bc6 {[%clk 00:55:42] [%emt 00:02:35]} 22.
Bc3 {[%clk 00:39:44] [%emt 00:03:52]} Ned7 {[%clk 00:52:39] [%emt 00:03:34]} 23.
Nd4 {[%clk 00:36:46] [%emt 00:03:29]} Nc5 {[%clk 00:46:49] [%emt 00:06:20]} 24.
Nxc6 {[%clk 00:36:28] [%emt 00:00:46]} bxc6 {[%clk 00:47:09] [%emt 00:00:11]}
25. Bc2 {[%clk 00:36:51] [%emt 00:00:08]} Ne6 {[%clk 00:42:39] [%emt 00:04:59]}
26. Qd3 {[%clk 00:28:36] [%emt 00:08:45]} g6 {[%clk 00:38:18] [%emt 00:04:51]}
27. Qa6 {[%clk 00:25:23] [%emt 00:03:42]} Nd7 {[%clk 00:32:49] [%emt 00:05:59]}
28. Qxa5 {[%clk 00:22:30] [%emt 00:03:23]} Qxa5 {[%clk 00:24:38] [%emt
00:08:42]} 29. Bxa5 {[%clk 00:22:48] [%emt 00:00:12]} Nd4 {[%clk 00:25:05] [%emt
00:00:02]} 30. Bd1 {[%clk 00:21:34] [%emt 00:01:43]} Ra8 {[%clk 00:25:27] [%emt
00:00:09]} 31. Bd2 {[%clk 00:15:36] [%emt 00:06:27]} Reb8 {[%clk 00:22:21] [%emt
00:03:37]} 32. b4 {[%clk 00:12:05] [%emt 00:04:01]} c5 {[%clk 00:21:11] [%emt
00:01:40]} 33. Ne2 {[%clk 00:06:42] [%emt 00:05:52]} Nxe2+ {[%clk 00:15:39]
[%emt 00:06:03]} 34. Bxe2 {[%clk 00:06:29] [%emt 00:00:43]} cxb4 {[%clk
00:16:01] [%emt 00:00:09]} 35. Bb5 {[%clk 00:06:25] [%emt 00:00:33]} Nc5 {[%clk
00:16:14] [%emt 00:00:17]} 36. Bxb4 {[%clk 00:03:03] [%emt 00:03:52]} 1/2-1/2

[Site "Europe Echecs"]

[Event "Grand Swiss "]
[Date "2025.09.08"]
[White "Jobava, Baadur"]
[Black "Saric, Ivan"]
[WhiteElo "2590"]
[BlackElo "2655"]
[Round "4.4.46"]
[Result "1/2-1/2"]

1. e4 {[%clk 01:40:40] [%emt 00:00:19]} c5 {[%clk 01:40:54] [%emt 00:00:07]} 2.
Ne2 {[%clk 01:40:39] [%emt 00:00:32]} Nc6 {[%clk 01:40:25] [%emt 00:00:59]} 3.
Nbc3 {[%clk 01:37:34] [%emt 00:03:35]} Nf6 {[%clk 01:37:44] [%emt 00:03:11]} 4.
d4 {[%clk 01:37:49] [%emt 00:00:15]} cxd4 {[%clk 01:38:09] [%emt 00:00:05]} 5.
Nxd4 {[%clk 01:38:12] [%emt 00:00:06]} e5 {[%clk 01:37:40] [%emt 00:00:59]} 6.
Ndb5 {[%clk 01:38:04] [%emt 00:00:38]} d6 {[%clk 01:38:05] [%emt 00:00:05]} 7.
Nd5 {[%clk 01:37:53] [%emt 00:00:40]} Nxd5 {[%clk 01:38:31] [%emt 00:00:04]} 8.
exd5 {[%clk 01:38:15] [%emt 00:00:08]} Nb8 {[%clk 01:38:27] [%emt 00:00:35]} 9.
a4 {[%clk 01:32:44] [%emt 00:06:00]} Be7 {[%clk 01:38:28] [%emt 00:00:29]} 10.
Be2 {[%clk 01:32:21] [%emt 00:00:54]} Nd7 {[%clk 01:37:32] [%emt 00:01:26]} 11.
b4 {[%clk 01:31:21] [%emt 00:01:30]} a6 {[%clk 01:35:33] [%emt 00:02:29]} 12.
Na3 {[%clk 01:27:32] [%emt 00:04:19]} a5 {[%clk 01:33:30] [%emt 00:02:34]} 13.
c3 {[%clk 01:27:17] [%emt 00:00:45]} O-O {[%clk 01:32:51] [%emt 00:01:08]} 14.
O-O {[%clk 01:22:53] [%emt 00:04:53]} f5 {[%clk 01:31:12] [%emt 00:02:10]} 15.
Bb5 {[%clk 01:14:55] [%emt 00:08:28]} e4 {[%clk 01:22:53] [%emt 00:08:49]} 16.
Nc4 {[%clk 01:07:33] [%emt 00:07:52]} Ne5 {[%clk 01:12:11] [%emt 00:11:11]} 17.
Nxe5 {[%clk 01:00:56] [%emt 00:07:07]} dxe5 {[%clk 01:12:20] [%emt 00:00:22]}
18. bxa5 {[%clk 01:01:07] [%emt 00:00:20]} f4 {[%clk 01:10:36] [%emt 00:02:13]}
19. c4 {[%clk 00:57:26] [%emt 00:04:11]} Bf5 {[%clk 00:44:51] [%emt 00:26:14]}
20. Ba3 {[%clk 00:19:10] [%emt 00:38:47]} Bxa3 {[%clk 00:44:43] [%emt 00:00:38]}
21. Rxa3 {[%clk 00:19:33] [%emt 00:00:06]} Qg5 {[%clk 00:40:07] [%emt 00:05:06]}
22. d6 {[%clk 00:08:56] [%emt 00:11:07]} f3 {[%clk 00:29:09] [%emt 00:11:28]}
23. Qd5+ {[%clk 00:09:20] [%emt 00:00:06]} Kh8 {[%clk 00:29:36] [%emt 00:00:03]}
24. g3 {[%clk 00:09:45] [%emt 00:00:04]} Qg4 {[%clk 00:28:43] [%emt 00:01:23]}
25. Kh1 {[%clk 00:10:09] [%emt 00:00:06]} Rf6 {[%clk 00:27:55] [%emt 00:01:19]}
26. d7 {[%clk 00:10:15] [%emt 00:00:24]} Rd8 {[%clk 00:28:16] [%emt 00:00:08]}
27. Qxe5 {[%clk 00:10:20] [%emt 00:00:25]} Qh3 {[%clk 00:28:02] [%emt 00:00:43]}
28. Qe8+ {[%clk 00:10:44] [%emt 00:00:07]} Rf8 {[%clk 00:28:28] [%emt 00:00:05]}
29. Rg1 {[%clk 00:11:11] [%emt 00:00:03]} h6 {[%clk 00:18:05] [%emt 00:10:53]}
30. Re3 {[%clk 00:10:23] [%emt 00:01:18]} Kg8 {[%clk 00:08:12] [%emt 00:10:23]}
31. c5 {[%clk 00:08:40] [%emt 00:02:13]} Bxd7 {[%clk 00:04:24] [%emt 00:04:18]}
32. Qxe4 {[%clk 00:08:29] [%emt 00:00:40]} Bg4 {[%clk 00:04:47] [%emt 00:00:08]}
33. Bd3 {[%clk 00:06:19] [%emt 00:02:40]} Bf5 {[%clk 00:03:13] [%emt 00:02:04]}
34. Qc4+ {[%clk 00:05:54] [%emt 00:00:54]} Kh8 {[%clk 00:03:40] [%emt 00:00:04]}
35. Bf1 {[%clk 00:06:08] [%emt 00:00:16]} Qg4 {[%clk 00:03:31] [%emt 00:00:39]}
36. Qxg4 {[%clk 00:06:32] [%emt 00:00:06]} Bxg4 {[%clk 00:03:59] [%emt
00:00:03]} 37. Bd3 {[%clk 00:06:01] [%emt 00:01:01]} Bf5 {[%clk 00:02:23] [%emt
00:02:06]} 38. Rd1 {[%clk 00:03:46] [%emt 00:02:44]} Rd5 {[%clk 00:02:12] [%emt
00:00:42]} 39. a6 {[%clk 00:01:18] [%emt 00:02:58]} bxa6 {[%clk 00:02:32] [%emt
00:00:10]} 40. c6 {[%clk 00:01:45] [%emt 00:00:04]} Rc8 {[%clk 00:01:37] [%emt
00:01:25]} 41. Be2 {[%clk 00:35:10] [%emt 00:17:00]} Rxd1+ {[%clk 00:51:13]
[%emt 00:00:59]} 42. Bxd1 {[%clk 00:35:35] [%emt 00:00:05]} Rxc6 {[%clk
00:51:36] [%emt 00:00:07]} 43. Bxf3 {[%clk 00:36:00] [%emt 00:00:04]} Rc4 {[%clk
00:50:50] [%emt 00:01:17]} 44. a5 {[%clk 00:34:25] [%emt 00:02:05]} Ra4 {[%clk
00:50:15] [%emt 00:01:06]} 45. g4 {[%clk 00:34:35] [%emt 00:00:18]} Bxg4 {[%clk
00:41:00] [%emt 00:09:45]} 46. Bxg4 {[%clk 00:34:30] [%emt 00:00:36]} Rxg4
{[%clk 00:41:26] [%emt 00:00:04]} 47. Re6 {[%clk 00:34:52] [%emt 00:00:07]} Rg5
{[%clk 00:39:11] [%emt 00:02:45]} 48. Rxa6 {[%clk 00:35:16] [%emt 00:00:06]} Kh7
{[%clk 00:39:25] [%emt 00:00:16]} 49. h3 {[%clk 00:35:29] [%emt 00:00:17]} Rf5
{[%clk 00:35:34] [%emt 00:04:22]} 50. Kg2 {[%clk 00:34:40] [%emt 00:01:18]} Rg5+
{[%clk 00:36:01] [%emt 00:00:03]} 1/2-1/2

[Site "Europe Echecs"]

[Event "Grand Swiss "]
[Date "2025.09.08"]
[White "Bjerre, Jonas Buhl"]
[Black "Korobov, Anton"]
[WhiteElo "2651"]
[BlackElo "2616"]
[Round "4.4.47"]
[Result "1-0"]

1. e4 {[%clk 01:40:55] [%emt 00:00:04]} c5 {[%clk 01:40:52] [%emt 00:00:08]} 2.
Nf3 {[%clk 01:41:18] [%emt 00:00:07]} e6 {[%clk 01:41:17] [%emt 00:00:05]} 3. d4
{[%clk 01:41:30] [%emt 00:00:18]} cxd4 {[%clk 01:41:41] [%emt 00:00:06]} 4. Nxd4
{[%clk 01:41:55] [%emt 00:00:04]} Nc6 {[%clk 01:42:05] [%emt 00:00:07]} 5. Nc3
{[%clk 01:42:00] [%emt 00:00:25]} Qc7 {[%clk 01:42:28] [%emt 00:00:06]} 6. g4
{[%clk 01:38:34] [%emt 00:03:57]} a6 {[%clk 01:40:23] [%emt 00:02:36]} 7. Be3
{[%clk 01:38:28] [%emt 00:00:35]} b5 {[%clk 01:40:44] [%emt 00:00:08]} 8. Nxc6
{[%clk 01:36:30] [%emt 00:02:29]} Qxc6 {[%clk 01:41:05] [%emt 00:00:08]} 9. Qd2
{[%clk 01:34:21] [%emt 00:02:40]} b4 {[%clk 01:37:43] [%emt 00:03:51]} 10. Ne2
{[%clk 01:34:39] [%emt 00:00:13]} Qxe4 {[%clk 01:38:06] [%emt 00:00:05]} 11. Rg1
{[%clk 01:34:54] [%emt 00:00:16]} Qc6 {[%clk 01:38:13] [%emt 00:00:23]} 12. Bg2
{[%clk 01:32:28] [%emt 00:02:57]} d5 {[%clk 01:38:23] [%emt 00:00:18]} 13. O-O-O
{[%clk 01:31:19] [%emt 00:01:40]} Bb7 {[%clk 01:37:30] [%emt 00:01:23]} 14. f4
{[%clk 01:31:02] [%emt 00:00:46]} Nf6 {[%clk 01:34:57] [%emt 00:03:03]} 15. f5
{[%clk 01:30:08] [%emt 00:01:25]} e5 {[%clk 01:30:36] [%emt 00:04:51]} 16. g5
{[%clk 01:26:31] [%emt 00:04:07]} Ng4 {[%clk 01:30:49] [%emt 00:00:17]} 17. Bxd5
{[%clk 01:21:21] [%emt 00:05:40]} Qxd5 {[%clk 01:30:31] [%emt 00:00:48]} 18.
Qxd5 {[%clk 01:21:11] [%emt 00:00:40]} Bxd5 {[%clk 01:30:57] [%emt 00:00:05]}
19. Rxd5 {[%clk 01:21:28] [%emt 00:00:12]} Nxe3 {[%clk 01:31:10] [%emt
00:00:17]} 20. Rxe5+ {[%clk 01:21:52] [%emt 00:00:07]} Kd7 {[%clk 01:31:35]
[%emt 00:00:04]} 21. Rxe3 {[%clk 01:21:30] [%emt 00:00:52]} Bc5 {[%clk 01:29:47]
[%emt 00:02:17]} 22. Rd1+ {[%clk 01:06:59] [%emt 00:15:01]} Kc6 {[%clk 01:21:38]
[%emt 00:08:39]} 23. Nd4+ {[%clk 01:02:56] [%emt 00:04:33]} Kb6 {[%clk 01:21:24]
[%emt 00:00:44]} 24. c3 {[%clk 00:58:43] [%emt 00:04:43]} Rae8 {[%clk 01:15:50]
[%emt 00:06:03]} 25. Rh3 {[%clk 00:41:24] [%emt 00:17:50]} bxc3 {[%clk 01:12:49]
[%emt 00:03:30]} 26. bxc3 {[%clk 00:41:30] [%emt 00:00:26]} Re5 {[%clk 01:12:36]
[%emt 00:00:42]} 27. Rf1 {[%clk 00:35:07] [%emt 00:06:53]} h5 {[%clk 01:08:49]
[%emt 00:04:18]} 28. Kd2 {[%clk 00:31:20] [%emt 00:04:18]} Be7 {[%clk 01:04:32]
[%emt 00:04:46]} 29. f6 {[%clk 00:27:08] [%emt 00:04:42]} gxf6 {[%clk 01:04:35]
[%emt 00:00:26]} 30. gxf6 {[%clk 00:27:28] [%emt 00:00:11]} Bd8 {[%clk 01:03:14]
[%emt 00:01:50]} 31. Rg3 {[%clk 00:23:09] [%emt 00:04:50]} Rh6 {[%clk 01:02:11]
[%emt 00:01:33]} 32. Rg7 {[%clk 00:21:18] [%emt 00:02:22]} Rxf6 {[%clk 01:02:20]
[%emt 00:00:20]} 33. Rxf6+ {[%clk 00:21:20] [%emt 00:00:28]} Bxf6 {[%clk
01:02:45] [%emt 00:00:05]} 34. Rxf7 {[%clk 00:21:46] [%emt 00:00:04]} Bg5+
{[%clk 01:03:02] [%emt 00:00:12]} 35. Kc2 {[%clk 00:16:40] [%emt 00:05:37]} Be3
{[%clk 00:56:02] [%emt 00:07:30]} 36. Rf6+ {[%clk 00:14:40] [%emt 00:02:30]} Kb7
{[%clk 00:54:38] [%emt 00:01:54]} 37. Kd3 {[%clk 00:10:48] [%emt 00:04:22]} Bxd4
{[%clk 00:53:53] [%emt 00:01:15]} 38. cxd4 {[%clk 00:08:06] [%emt 00:03:13]} Ra5
{[%clk 00:54:15] [%emt 00:00:07]} 39. Rf2 {[%clk 00:05:27] [%emt 00:03:09]} Kc6
{[%clk 00:53:29] [%emt 00:01:17]} 40. Ke4 {[%clk 00:01:58] [%emt 00:04:00]} Ra3
{[%clk 00:49:58] [%emt 00:04:00]} 41. h4 {[%clk 00:44:02] [%emt 00:08:26]} Rh3
{[%clk 01:35:22] [%emt 00:05:05]} 42. Rf6+ {[%clk 00:34:12] [%emt 00:10:20]} Kc7
{[%clk 01:35:02] [%emt 00:00:50]} 43. Kd5 {[%clk 00:20:21] [%emt 00:14:22]} Rxh4
{[%clk 01:35:13] [%emt 00:00:18]} 44. Rxa6 {[%clk 00:19:26] [%emt 00:01:27]} Rh1
{[%clk 01:22:58] [%emt 00:12:44]} 45. Ra7+ {[%clk 00:15:54] [%emt 00:04:02]} Kb8
{[%clk 01:22:44] [%emt 00:00:44]} 46. Rh7 {[%clk 00:15:07] [%emt 00:01:17]} Ra1
{[%clk 01:20:33] [%emt 00:02:40]} 47. Kc6 {[%clk 00:14:22] [%emt 00:01:15]} Rxa2
{[%clk 01:20:33] [%emt 00:00:31]} 48. Rh8+ {[%clk 00:13:52] [%emt 00:01:00]} Ka7
{[%clk 01:21:01] [%emt 00:00:02]} 49. Rxh5 {[%clk 00:13:13] [%emt 00:01:09]}
Rc2+ {[%clk 01:18:00] [%emt 00:03:31]} 50. Rc5 {[%clk 00:11:34] [%emt 00:02:08]}
Rh2 {[%clk 01:18:20] [%emt 00:00:09]} 51. Rb5 {[%clk 00:10:29] [%emt 00:01:37]}
Rh6+ {[%clk 01:18:30] [%emt 00:00:17]} 52. Kc5 {[%clk 00:09:44] [%emt 00:01:17]}
1-0

[Site "Europe Echecs"]

[Event "Grand Swiss "]
[Date "2025.09.08"]
[White "Indjic, Aleksandar"]
[Black "Vakhidov, Jakhongir"]
[WhiteElo "2650"]
[BlackElo "2521"]
[Round "4.4.48"]
[Result "1-0"]

1. d4 {[%clk 01:40:14] [%emt 00:00:45]} Nf6 {[%clk 01:40:42] [%emt 00:00:18]} 2.
c4 {[%clk 01:40:36] [%emt 00:00:08]} g6 {[%clk 01:40:55] [%emt 00:00:16]} 3. Nc3
{[%clk 01:40:57] [%emt 00:00:10]} d5 {[%clk 01:41:12] [%emt 00:00:13]} 4. cxd5
{[%clk 01:40:21] [%emt 00:01:06]} Nxd5 {[%clk 01:41:34] [%emt 00:00:07]} 5. e4
{[%clk 01:40:45] [%emt 00:00:06]} Nxc3 {[%clk 01:41:56] [%emt 00:00:08]} 6. bxc3
{[%clk 01:41:12] [%emt 00:00:03]} Bg7 {[%clk 01:42:15] [%emt 00:00:10]} 7. Nf3
{[%clk 01:41:36] [%emt 00:00:07]} c5 {[%clk 01:42:38] [%emt 00:00:07]} 8. Bb5+
{[%clk 01:41:50] [%emt 00:00:17]} Nc6 {[%clk 01:42:57] [%emt 00:00:10]} 9. Rb1
{[%clk 01:42:00] [%emt 00:00:21]} O-O {[%clk 01:41:57] [%emt 00:01:30]} 10. d5
{[%clk 01:41:46] [%emt 00:00:44]} a6 {[%clk 01:42:17] [%emt 00:00:09]} 11. Be2
{[%clk 01:40:59] [%emt 00:01:16]} Ne5 {[%clk 01:42:39] [%emt 00:00:08]} 12. Nxe5
{[%clk 01:38:52] [%emt 00:02:38]} Bxe5 {[%clk 01:43:01] [%emt 00:00:07]} 13. O-O
{[%clk 01:39:16] [%emt 00:00:07]} f5 {[%clk 00:28:56] [%emt 01:14:36]} 14. exf5
{[%clk 01:03:58] [%emt 00:35:48]} Qd6 {[%clk 00:28:15] [%emt 00:01:09]} 15. h3
{[%clk 00:42:34] [%emt 00:21:54]} b5 {[%clk 00:11:48] [%emt 00:16:57]} 16. fxg6
{[%clk 00:36:36] [%emt 00:06:29]} Bxh3 {[%clk 00:11:29] [%emt 00:00:50]} 17. Bd3
{[%clk 00:22:16] [%emt 00:14:50]} Bh2+ {[%clk 00:02:00] [%emt 00:09:59]} 18. Kh1
{[%clk 00:22:10] [%emt 00:00:35]} Qxd5 {[%clk 00:02:30]} 19. f3 {[%clk 00:22:33]
[%emt 00:00:07]} Bc7 {[%clk 00:01:19] [%emt 00:01:40]} 20. gxh3 {[%clk 00:22:21]
[%emt 00:00:42]} Rad8 {[%clk 00:01:48] [%emt 00:00:02]} 21. Qe2 {[%clk 00:20:48]
[%emt 00:02:03]} Qxd3 {[%clk 00:02:14] [%emt 00:00:04]} 22. Qe6+ {[%clk
00:21:10] [%emt 00:00:07]} Kh8 {[%clk 00:02:41] [%emt 00:00:03]} 23. g7+ {[%clk
00:21:20] [%emt 00:00:21]} Kxg7 {[%clk 00:03:10] [%emt 00:00:01]} 24. Bh6+
{[%clk 00:21:42] [%emt 00:00:07]} Kh8 {[%clk 00:03:39] [%emt 00:00:01]} 25. Qxe7
{[%clk 00:19:37] [%emt 00:02:35]} Qg6 {[%clk 00:02:31] [%emt 00:01:39]} 26. Bxf8
{[%clk 00:20:00] [%emt 00:00:07]} Rd2 {[%clk 00:02:56] [%emt 00:00:04]} 27. Bg7+
{[%clk 00:17:50] [%emt 00:02:40]} Qxg7 {[%clk 00:03:25] [%emt 00:00:02]} 28.
Qxg7+ {[%clk 00:18:07] [%emt 00:00:14]} Kxg7 {[%clk 00:03:54] [%emt 00:00:01]}
29. a4 {[%clk 00:18:14] [%emt 00:00:22]} bxa4 {[%clk 00:00:45] [%emt 00:03:39]}
30. Rb7 {[%clk 00:18:39] [%emt 00:00:05]} Rd7 {[%clk 00:01:14] [%emt 00:00:01]}
31. Ra1 {[%clk 00:18:35] [%emt 00:00:33]} Kf6 {[%clk 00:01:34] [%emt 00:00:10]}
32. Rxa4 {[%clk 00:18:55] [%emt 00:00:10]} a5 {[%clk 00:00:46] [%emt 00:01:19]}
33. Kg2 {[%clk 00:18:17] [%emt 00:01:07]} Rd2+ {[%clk 00:00:32] [%emt 00:00:45]}
34. Kf1 {[%clk 00:18:38] [%emt 00:00:06]} Bd6 {[%clk 00:00:33] [%emt 00:00:32]}
35. Rxh7 {[%clk 00:18:50] [%emt 00:00:17]} Rd3 {[%clk 00:00:49] [%emt 00:00:14]}
36. Rxa5 {[%clk 00:18:41] [%emt 00:00:39]} c4 {[%clk 00:00:33] [%emt 00:00:47]}
37. Ke2 {[%clk 00:17:55] [%emt 00:01:17]} Bf4 {[%clk 00:00:32] [%emt 00:00:32]}
38. Ra6+ {[%clk 00:18:15] [%emt 00:00:09]} 1-0

[Site "Europe Echecs"]